ULTRAKILL Bosses - Statistics

General Stats
  • This quiz has been taken 436 times
  • The average score is 23 of 30
Answer Stats
Level Boss % Correct
0-5: Cerberus Cerberus, Guardian of Hell (Dual)
96%
3-2: In The Flesh Gabriel, Judge of Hell
95%
P-1: Soul Survivor Minos Prime
95%
1-4: Clair De Lune V2
95%
4-4: Clair De Soleil V2 (Second Encounter)
95%
6-2: Aesthetics of Hate Gabriel, Apostate of Hate
94%
0-2: The Meatgrinder (Secret) Swordsmachine
93%
0-3: Double Down Swordsmachine
93%
0-1: Into The Fire Malicious Face
89%
P-2: Wait of the World Sisyphus Prime
86%
2-4: Court of the Corpse King The Corpse of King Minos
86%
P-1: Soul Survivor Flesh Prison
85%
5-4: Leviathan Leviathan
85%
7-4: …Like Antennas to Heaven 1000-THR “Earthmover”
81%
5-2: Waves of the Starless Sea Ferryman
81%
1-3: Halls of Sacred Remains Hideous Mass
80%
6-1: Cry for the Weeper Hideous Mass (Dual)
75%
7-1: Garden of Forking Paths Minotaur
75%
1-2: The Burning World (Secret) Cancerous Rodent
74%
P-2: Wait of the World Flesh Panopticon
72%
1-3: Halls of Sacred Remains (Secret) Swordsmachine “Tundra”
72%
4-2: God Damn The Sun Sisyphean Insurrectionist
71%
7-2: Light Up The Night Gutterman
70%
1-2: The Burning World (Secret) Very Cancerous Rodent
70%
1-3: Halls of Sacred Remains (Secret) Swordsmachine “Agony”
69%
6-1: Cry for the Weeper (Secret) Insurrectionist “Angry”
52%
4-3: A Shot In The Dark (Secret) Mysterious Druid Knight (& Owl)
52%
7-1: Garden of Forking Paths (Secret) Big Johninator
51%
6-1: Cry for the Weeper (Secret) Insurrectionist “Rude”
48%
7-4: …Like Antennas to Heaven 1000-THR Defence System
36%
No matching quizzes found
Score Distribution
Percent of People with Each Score
Percentile by Number Answered
Your Score History
You have not taken this quiz